| 000 | 00519nam a22001577a 4500 | ||
|---|---|---|---|
| 082 |
_a621.3 _bNIS |
||
| 100 |
_aNisar, Amna (364486) _9120038 |
||
| 245 | _aInvestigation of the Insulation Characteristics of the UV-A Stressed Polyamide Composite Insulation for High Voltage Application / | ||
| 264 |
_aIslamabad : _bUSPCAS-E, NUST _cNovember, 2023. |
||
| 300 |
_axv, 65 p. _e+CD |
||
| 520 | _aTH-537 | ||
| 650 | _aMS EEP Thesis | ||
| 650 |
_aMS Thesis _918721 |
||
| 700 | _aDr. Muhammad Yousif | ||
| 942 |
_2ddc _cTHE |
||
| 999 |
_c607489 _d607489 |
||